LINEAR ALGEBRA (Record no. 5579)

MARC details
000 -LEADER
fixed length control field 00351nam a22001457a 4500
005 - DATE AND TIME OF LATEST TRANSACTION
control field 20180519130325.0
008 - FIXED-LENGTH DATA ELEMENTS--GENERAL INFORMATION
fixed length control field 170916b xxu||||| |||| 00| 0 eng d
041 ## - LANGUAGE CODE
Language code of text/sound track or separate title eng
082 ## - DEWEY DECIMAL CLASSIFICATION NUMBER
Classification number 512.5
100 ## - MAIN ENTRY--AUTHOR NAME
Personal name VASISHTHA, A.R. AND SHARMA, J.N.
245 ## - TITLE STATEMENT
Title LINEAR ALGEBRA
260 ## - PUBLICATION, DISTRIBUTION, ETC. (IMPRINT)
Place of publication MEERUT
Name of publisher KRISHNA PRAKASHAN
300 ## - PHYSICAL DESCRIPTION
Number of Pages 416p. viii
942 ## - ADDED ENTRY ELEMENTS (KOHA)
Koha item type Books
Holdings
Lost status Damaged status Collection code Home library Current library Shelving location Date acquired Source of acquisition Cost, normal purchase price Full call number Accession Number Koha item type
    Reference JRU Library   SHELF-70 E 16/09/2017 PURCHESS 295.00 512.5 21961 Books
    CS/IT JRU Library   SHELF-57-C 16/09/2017 PURCHESS 295.00 512.5 21962 Books
    CS/IT JRU Library   SHELF-57-C 16/09/2017 PURCHESS 295.00 512.5 21963 Books
    CS/IT JRU Library   SHELF-57-C 16/09/2017 PURCHESS 295.00 512.5 21964 Books
    CS/IT JRU Library   SHELF-57-C 16/09/2017 PURCHESS 295.00 512.5 21965 Books